• 首页
  • 本馆介绍
  • 公告通知
  • 最新文献
  • 馆藏检索
  • 电子资源
  • 读者导购
  • 参考咨询
  • 我的图书馆
  • 登录
  • 详细信息显示
  • 放入我的书架
  • 预约/预借图书
  • 作者相关作品
  • 分类相关作品
  • 丛书相关作品
  • 出版社相关作品

书目信息

  • 表格格式
  • 工作单格式
  • 卡片格式
题名:
秦汉宫廷秘史
    
 
作者: 苏生 , 纪智 编
分册:  
出版信息: 石家庄   河北人民出版社  1987
页数: 224页
开本: 19cm
丛书名:
单 册:
中图分类: K232.09 , I247.5
科图分类:
主题词: 历史故事--中国--现代--选集 , 史料--中国--秦汉时代 , 小说--中国
电子资源:
ISBN:
000 00698nam0 2200265 450
001 1540289421
005 20150124111155.07
010    @dCNY1.35
091    @a11086.145
100    @a19961012d1987 em y0chiy0110 ea
101 0  @achi
102    @aCN@b130000
105    @ay z 000fy
200 1  @a秦汉宫廷秘史@9qin han gong ting mi shi@f苏生,纪智编
210    @a石家庄@c河北人民出版社@d1987
215    @a224页@d19cm
606 0  @a历史故事@y中国@z现代@x选集
606 0  @a史料@y中国@z秦汉时代
606 0  @a小说@x中国
690    @aK232.09@v5
690    @aI247.5@v4
701  0 @a苏生@9su sheng@4编
701  0 @a纪智@9ji zhi@4编
801  0 @aCN@bTSSF@c20150124
905    @aZUCC@dI247.5@eJY10
    
    秦汉宫廷秘史/苏生,纪智编.-石家庄:河北人民出版社,1987
    224页;19cm
    
    
    ISBN :CNY1.35
    
●
相关链接 在E读中查询图书 在五车中查询图书 在当当中查询图书 在豆瓣中查询图书


正题名:秦汉宫廷秘史     索取号:I247.5/JY10         预约/预借

序号 登录号 条形码 馆藏地/架位号 状态 备注
1 7856118   278561183   学院路分馆/ [索取号:I247.5/JY10] 在馆    
唐山师范学院图书馆 欢迎您!
大连网信软件有限公司© 版权所有